[Event "Lovfalds EMT 19th E"]
[Site "Ringsted"]
[Date "2005.09.17"]
[Round "3"]
[White "Kjaer, Morten"]
[Black "Trust, Anders"]
[Result "1-0"]
[WhiteElo "1202"]
[BlackElo "1000"]
[PlyCount "119"]
[EventDate "2005.09.16"]
[EventType "tourn"]
[EventRounds "5"]
[EventCountry "DEN"]
[SourceTitle "EXT 2023"]
[Source "ChessBase"]
[SourceDate "2022.10.05"]
[SourceVersion "1"]
[SourceVersionDate "2022.10.05"]
[SourceQuality "1"]

1. d4 d5 2. c4 Nf6 3. Nc3 dxc4 4. e4 Bg4 5. f3 Be6 6. Bf4 Na6 7. Nge2 c5 8. d5 Bd7 9. Ng3 Qb6 10. Qd2 Nb4 11. Bxc4 Bb5 12. Bxb5+ Kd8 13. Bc4 e6 14. dxe6+ Kc8 15. exf7 Be7 16. 0-0 h6 17. Nd5 Nbxd5 18. Bxd5 Nxd5 19. exd5 c4+ 20. Rf2 Bc5 21. Nf5 Bxf2+ 22. Qxf2 Qf6 23. Nd6+ Kd7 24. Bg3 g5 25. Nxc4 Rac8 26. Ne5+ Ke7 27. Qe2 Kd8 28. Qb5 Qe7 29. Ng6 Qc5+ 30. Qxc5 Rxc5 31. Nxh8 Ke7 32. Bd6+ Kxd6 33. f8Q+ Kxd5 34. Qxc5+ Kxc5 35. Rd1 b5 36. a3 a5 37. Rc1+ Kd4 38. Nf7 b4 39. a4 Kd3 40. Nxh6 Kd2 41. Rc5 b3 42. Rxa5 Kc2 43. Rb5 Kxb2 44. a5 Kc2 45. Rxb3 Kxb3 46. a6 Kb4 47. a7 Ka5 48. a8Q+ Kb6 49. Qc8 Kb5 50. f4 gxf4 51. h4 Kb6 52. h5 f3 53. Ng4 fxg2 54. h6 Kb5 55. h7 Kb6 56. h8R Kb5 57. Qc7 Ka6 58. Qc1 Kb7 59. Rh3 Kb6 60. Rb3+ 1-0